<?xml version="1.0" encoding="UTF-8"?>
<record
    xmlns:xsi="http://www.w3.org/2001/XMLSchema-instance"
    xsi:schemaLocation="http://www.loc.gov/MARC21/slim http://www.loc.gov/standards/marcxml/schema/MARC21slim.xsd"
    xmlns="http://www.loc.gov/MARC21/slim">

  <leader>00818nam  22002053  4500</leader>
  <controlfield tag="001">202554</controlfield>
  <datafield tag="010" ind1=" " ind2=" ">
    <subfield code="a">978-989-644-993-3</subfield>
  </datafield>
  <datafield tag="021" ind1=" " ind2=" ">
    <subfield code="b">563879/26</subfield>
  </datafield>
  <datafield tag="090" ind1=" " ind2=" ">
    <subfield code="a">202554</subfield>
  </datafield>
  <datafield tag="100" ind1=" " ind2=" ">
    <subfield code="a">20260612d        u||y0pory50      ba</subfield>
  </datafield>
  <datafield tag="200" ind1=" " ind2=" ">
    <subfield code="a">Hist&#xF3;ria global da economia e gest&#xE3;o de Portugal</subfield>
    <subfield code="f">Dire&#xE7;&#xE3;o de Jos&#xE9; Ant&#xF3;nio Porf&#xED;rio, Jos&#xE9; Eduardo Franco, Jos&#xE9; Paulo Esperan&#xE7;a</subfield>
    <subfield code="g">Coordena&#xE7;&#xE3;o de Jo&#xE3;o Luis Cardoso...[et  al.]</subfield>
  </datafield>
  <datafield tag="210" ind1=" " ind2=" ">
    <subfield code="a">Lisboa</subfield>
    <subfield code="c">Temas e Debates</subfield>
    <subfield code="d">2026</subfield>
  </datafield>
  <datafield tag="215" ind1=" " ind2=" ">
    <subfield code="a">777 p.</subfield>
    <subfield code="c">brochado</subfield>
    <subfield code="d">24 cm</subfield>
  </datafield>
  <datafield tag="300" ind1=" " ind2=" ">
    <subfield code="a">inclui artigo do Dr. Jorge Fonseca:" A escravid&#xE3;o promovida pelos portugueses no espa&#xE7;o euro-atl&#xE2;ntico". -p. 349-354</subfield>
  </datafield>
  <datafield tag="606" ind1=" " ind2=" ">
    <subfield code="9">1574</subfield>
    <subfield code="a">Hist&#xF3;ria de Portugal</subfield>
  </datafield>
  <datafield tag="675" ind1=" " ind2=" ">
    <subfield code="a">94(469)</subfield>
    <subfield code="v">PT</subfield>
    <subfield code="z">por</subfield>
  </datafield>
  <datafield tag="702" ind1=" " ind2=" ">
    <subfield code="9">17505</subfield>
    <subfield code="a">Porf&#xED;rio</subfield>
    <subfield code="b">Jos&#xE9; Ant&#xF3;nio</subfield>
  </datafield>
  <datafield tag="801" ind1=" " ind2=" ">
    <subfield code="a">PT</subfield>
    <subfield code="b">BMMN</subfield>
    <subfield code="g">RPC</subfield>
  </datafield>
  <datafield tag="830" ind1=" " ind2=" ">
    <subfield code="c">Fernando</subfield>
    <subfield code="f">Fernando</subfield>
  </datafield>
  <datafield tag="990" ind1=" " ind2=" ">
    <subfield code="c">LIVROS</subfield>
  </datafield>
  <datafield tag="995" ind1=" " ind2=" ">
    <subfield code="0">0</subfield>
    <subfield code="2">0</subfield>
    <subfield code="5">2026-06-12</subfield>
    <subfield code="9">32336</subfield>
    <subfield code="b">BMMN</subfield>
    <subfield code="f">32051</subfield>
    <subfield code="k">94 (469) HIS|LG</subfield>
    <subfield code="o">0</subfield>
    <subfield code="r">LIVROS</subfield>
    <subfield code="s">Oferta</subfield>
  </datafield>
</record>
